On Dialectical Materialism (Record no. 92566)

MARC details
000 -LEADER
fixed length control field 00307pam a2200133 a 4500
020 ## - INTERNATIONAL STANDARD BOOK NUMBER
Terms of availability
041 ## - LANGUAGE CODE
Language code of text/sound track or separate title eng
082 ## - DEWEY DECIMAL CLASSIFICATION NUMBER
Classification number 335.4112
Item number LEN
100 ## - MAIN ENTRY--PERSONAL NAME
Personal name Lenin Mark Engals.
245 ## - TITLE STATEMENT
Title On Dialectical Materialism
Medium Textual Documents
260 ## - PUBLICATION, DISTRIBUTION, ETC.
Place of publication, distribution, etc. [s.l]:
Name of publisher, distributor, etc. Progress Publishing
300 ## - PHYSICAL DESCRIPTION
Extent 422p.
930 ## - EQUIVALENCE OR CROSS-REFERENCE-UNIFORM TITLE HEADING [LOCAL, CANADA]
Uniform title 15666
Holdings
Withdrawn status Lost status Damaged status Not for loan Collection Home library Current library Date acquired Source of acquisition Total Checkouts Full call number Barcode Date last seen Copy number Price effective from Koha item type
          Yashwantrao Mohite College of Arts, Science And Commerce, Pune Yashwantrao Mohite College of Arts, Science And Commerce, Pune 16/07/2021   335.4112 LEN YMP-90707 24/02/2023 1 24/02/2023 Book